| 000 | 00387pab a2200157 454500 | ||
|---|---|---|---|
| 008 | 180718b2009 xxu||||| |||| 00| 0 eng d | ||
| 100 | _aSahu, N.K. | ||
| 245 | _aSpotlight: monitoring and evaluation of rural development programmes | ||
| 260 | _c2009 | ||
| 300 | _ap.38-41. | ||
| 362 | _aSep | ||
| 650 | _aRural development | ||
| 773 | _aKurukshetra | ||
| 908 | _aN | ||
| 909 | _a84056 | ||
| 999 |
_c84056 _d84056 |
||